Albino Animals By Picture - Statistics

General Stats
  • This quiz has been taken 32 times
  • The average score is 10 of 12
Answer Stats
Picture Answer % Correct
Alligator
100%
Flamingo
100%
Horse
100%
Lion
100%
Kangaroo
97%
Tiger
97%
Deer
93%
Peacock
93%
Rabbit
93%
Raccoon
66%
Hamster
34%
Crow
24%
No matching quizzes found
Score Distribution
Percent of People with Each Score
Percentile by Number Answered
Your Score History
You have not taken this quiz